00691nam a2200181 a 450000100100000000500170001000800410002702000150006804000250008308200130010810000360012124500760015726000380023330000360027150000740030795201110038199900170049200004243220201002040143.0131202s1985 mx ac 000 0 spa d a9688560022 aDO-SdBNPbspacBNPHU axxxbxxx1 aLeñero, Vicented1933-96957210aAsesinato :bel doble crimen de los Flores Muñoz /cVicente Leñero. aMéxico :bPlaza y Janes,c1985. a541 p. :bil., retrs. ;c21 cm. aIncluye referencias bibliográficas y notas al pie de las páginas. 001050718MOaGRbGRcCTd2013-12-02iLF1l0oxxx xxxp42432-10r2020-06-25w2020-06-25y1ZNo se presta c41921d41921